Guess the FNAF Character by the Quote #1 - Statistics

General Stats
  • This quiz has been taken 163 times
  • The average score is 7 of 12
Answer Stats
Hint Answer % Correct
"I always come back" Scraptrap
99%
"I was the first! I have seen everything!" Withered Chica
79%
"Father it's me" Michael Afton
73%
"Mr. Hugs got me again!" Toy Freddy
70%
"Don't keep the devil waiting, old friend." Henry Emily
69%
"Hello" Balloon Boy
61%
"Shh, There is room for one more." Lefty
54%
¨You hear that? It's the sweet, sweet sound of your eternal silence!¨ Music Man
47%
"Let's taste death, again, and again, and again." Nightmarionne
42%
"I bet you don't even have friends." Roxanne Wolf
42%
"tou em teL .kcab emoc syawla I" Glitchtrap
22%
"I should have known you'd be here" Scrapbaby
19%
No matching quizzes found
Score Distribution
Percent of People with Each Score
Percentile by Number Answered
Your Score History
You have not taken this quiz